| 000 | 00661nam a22002417a 4500 | ||
|---|---|---|---|
| 003 | TZ-ArACH | ||
| 005 | 20260417123111.0 | ||
| 008 | 260417b |||||||| |||| 00| 0 eng d | ||
| 022 | _a0021-8553 | ||
| 040 |
_aLC _bEN _cTZ-ArACH _dTZ-ArACH |
||
| 050 |
_aKQC572 _b.J68 2009 |
||
| 110 | _aCambridge University Press | ||
| 245 | _aAfrican Law | ||
| 260 |
_aLondon (UK): _bCambridge University Press; _c2009 |
||
| 300 | _a170 p.: | ||
| 440 |
_aThe Journal of African Law, Vol. 53 (1) 2009 _x0021-8553 |
||
| 650 | _aChild Rights | ||
| 650 | _aCriminal Law | ||
| 650 |
_aBasic Rights _93935 |
||
| 650 | _aHuman Rights | ||
| 651 | _aAfrica | ||
| 942 |
_2lcc _cBOOK |
||
| 999 |
_c7857 _d7857 |
||